| Tag |
First Indicator |
Second Indicator |
Subfields |
| LEADER |
00000pam a2200000 a 4500 |
| 001 |
in00002020621 |
| 005 |
20151031162427.0 |
| 008 |
860723s1986 nyua 000 0 eng |
| 010 |
|
|
|a 86045111
|
| 019 |
|
|
|a 37358763
|
| 020 |
|
|
|a 0060156309 :
|c $13.95
|
| 020 |
|
|
|a 0060961856 (pbk.)
|
| 035 |
|
|
|a (OCoLC)ocm14068116
|
| 040 |
|
|
|a DLC
|c DLC
|d TXA
|d UtOrBLW
|
| 043 |
|
|
|a n-us---
|
| 049 |
|
|
|a TXAM
|
| 050 |
0 |
0 |
|a NC1426
|b .C28 1986
|
| 082 |
0 |
|
|a 741.5/973
|2 19
|
| 245 |
0 |
0 |
|a Cats, cats, cats :
|b a collection of great cat cartoons /
|c edited by S. Gross.
|
| 250 |
|
|
|a 1st ed.
|
| 264 |
|
1 |
|a New York :
|b Harper & Row,
|c [1986]
|
| 264 |
|
4 |
|c ©1986
|
| 300 |
|
|
|a 252 pages :
|b chiefly illustrations ;
|c 16 x 24 cm.
|
| 336 |
|
|
|a text
|b txt
|2 rdacontent
|
| 337 |
|
|
|a unmediated
|b n
|2 rdamedia
|
| 338 |
|
|
|a volume
|b nc
|2 rdacarrier
|
| 541 |
0 |
|
|a Donated by Alma B. and Max Siporin, July 2004.
|
| 650 |
|
0 |
|a Cats
|v Caricatures and cartoons.
|
| 650 |
|
0 |
|a American wit and humor, Pictorial.
|
| 700 |
1 |
|
|a Gross, S.
|q (Sam)
|
| 994 |
|
|
|a E0
|b TXA
|
| 948 |
|
|
|a cataloged
|b h
|c 2005/1/13
|d c
|e jlanham
|f 12:29:42 pm
|
| 999 |
|
|
|a MARS
|
| 999 |
f |
f |
|s 034e20f4-9897-337f-b5ea-8a7d849c4c37
|i 57865492-9916-367a-975a-43f91aa00e71
|t 0
|
| 952 |
f |
f |
|p storage
|a Texas A&M University
|b J.J. Pickle Campus
|c High Density Repository
|s HDR
|d Remote Storage
|t 0
|e NC1426 .C28 1986
|h Library of Congress classification
|i unmediated -- volume
|m A14831740363
|
| 998 |
f |
f |
|a NC1426 .C28 1986
|t 0
|l Remote Storage
|